Normal view
MARC view
- MS-MTS-62
Entry Topical Term
001 - CONTROL NUMBER
- control field: 91326
003 - CONTROL NUMBER IDENTIFIER
- control field: NUST
005 - DATE AND TIME OF LATEST TRANSACTION
- control field: 20220509111026.0
008 - FIXED-LENGTH DATA ELEMENTS
- fixed length control field: 220509|| aca||aabn | a|a d
040 ## - CATALOGING SOURCE
- Original cataloging agency: NUST
- Transcribing agency: NUST
150 ## - HEADING--TOPICAL TERM
- Topical term or geographic name entry element: MS-MTS-62
670 ## - SOURCE DATA FOUND
- Source citation: Work cat.: (NUST): Adeel Wahab 91324, TH-SOF-0865-Dimensional Inspection System For Meso-Scale Artefacts Using Sub Pixel Edge Detection, 2013.
